100 Πιο Πολυπληθείς Πόλεις της Ελλάδας στον Χάρτη - Statistics

General Stats
  • This quiz has been taken 102 times
  • The average score is 57 of 100
Answers on the Map
Answers color-coded by a green-red scale on the quiz's map according to % correct below.
 
Answer Stats
Πληθυσμός Πόλη % Correct
309.615 Θεσσαλονίκη
98%
50.494 | 145.439 Ηράκλειο
98%
54.558 Χανιά
98%
643.449 Αθήνα
97%
169.886 Πάτρα
97%
85.806 Βόλος
97%
64.897 Ιωάννινα
95%
58.749 Ξάνθη
95%
54.562 Ρόδος
95%
51.948 Καβάλα
95%
146.374 Λάρισα
93%
59.476 Αλεξανδρούπολη
93%
34.084 Ρέθυμνο
93%
64.491 Χαλκίδα
92%
51.733 Κομοτηνή
92%
43.447 Δράμα
92%
23.537 Κέρκυρα
92%
58.398 Σέρρες
90%
27.016 Χίος
90%
57.706 Καλαμάτα
85%
30.817 Κόρινθος
85%
25.152 Πύργος
85%
23.180 Κιλκίς
85%
168.152 Πειραιάς
83%
61.607 Τρίκαλα
83%
56.961 Κατερίνη
83%
31.714 Μυτιλήνη
83%
21.799 Άρτα
83%
47.532 Λαμία
82%
42.510 Βέροια
80%
42.139 Κοζάνη
80%
38.996 Καρδίτσα
75%
30.382 Τρίπολη
75%
92.248 Καλαμαριά
73%
21.546 Θήβα
70%
21.429 Κως
70%
133.632 Περιστέρι
65%
89.600 Γλυφάδα
65%
48.923 Αγρίνιο
65%
48.701 Κηφισιά
65%
79.222 Εύοσμος
60%
65.831 Αιγάλεω
58%
97.617 Καλλιθέα
57%
77.100 Χαλάνδρι
57%
25.825 Νεάπολη
50%
21.469 Λιβαδειά
50%
98.893 Αχαρνές
48%
72.851 Νέα Σμύρνη
48%
71.830 Μαρούσι
48%
62.147 Αγία Παρασκευή
48%
28.757 Γιαννιτσά
48%
24.973 Ελευσίνα
48%
19.854 Αίγιο
48%
35.846 Αμπελόκηποι
47%
84.004 Ίλιον
45%
22.689 Ωραιόκαστρο
45%
21.465 Άργος
45%
45.895 Σταυρούπολη
43%
36.843 Πυλαία
43%
31.536 Πτολεμαΐδα
43%
76.732 Ηλιούπολη
42%
71.664 Άγιος Δημήτριος
42%
69.872 Ζωγράφου
42%
61.247 Κορυδαλλός
42%
35.542 Συκιές
42%
31.304 Χολαργός
40%
26.130 Ελευθέριο-Κορδελιό
40%
88.078 Νίκαια
38%
60.146 Πετρούπολη
38%
33.310 Αργυρούπολη
37%
26.758 Αγία Βαρβάρα
37%
26.225 Καισαριανή
37%
31.495 Βούλα
35%
24.536 Σαλαμίνα
35%
45.989 Χαϊδάρι
33%
25.467 Μέγαρα
33%
25.201 Νέα Φιλαδέλφεια
33%
20.150 Κορωπί
33%
59.135 Βύρωνας
32%
57.910 Γαλάτσι
32%
75.722 Κερατσίνι
30%
64.862 Παλαιό Φάληρο
30%
30.690 | 64.613 Νέα Ιωνία
30%
38.887 Πολίχνη
30%
31.380 Ασπρόπυργος
30%
25.322 Μοσχάτο
28%
23.430 Δάφνη
27%
33.857 Γέρακας
25%
32.414 Βριλήσσια
20%
32.286 Άγιοι Ανάργυροι
20%
25.626 Πέραμα
20%
35.046 Άνω Λιόσια
18%
23.619 Μελίσσια
18%
30.172 Μεταμόρφωση
15%
21.292 Πεύκη
15%
29.178 Καματερό
13%
21.922 Αρτέμιδα
10%
43.174 Καλαμάκι
8%
No matching quizzes found
Score Distribution
Percent of People with Each Score
Percentile by Number Answered
Your Score History
You have not taken this quiz